Journal of biochemistry and molecular biology in the post genomic era

Detalles Bibliográficos
Formato: Electrónico Revista
Lenguaje:inglés
Publicado: Hauppauge, NY : Nova Science Publishers
Materias:
Acceso en línea:Full text available from Research Library: 01/01/2011 to 01/31/2013

MARC

LEADER 00000nas a2200000 a 4500
001 ssj0001454287
003 WaSeSS
005 20200512172242.0
006 m d
007 cr n
008 100720c20119999nyuqr p s | a0eng
010 |a  2010202418 
022 |y 2156-5732 
035 |a (WaSeSS)ssj0001454287 
037 |b Nova Science Publishers, Inc., 400 Oser Ave., Suite 1600, Hauppauge, NY 11788-3619  |c $65.00 (single issue)  |c $250.00 (per yr.) 
040 |a DLC  |c DLC  |d DLC  |d WaSeSS 
042 |a pcc  |a nsdp 
050 0 0 |a QH345  |b .J68 
082 1 0 |a 572  |2 14 
210 0 |a J. biochem. mol. biol. post genomic era 
222 0 |a Journal of biochemistry and molecular biology in the post genomic era 
245 0 0 |a Journal of biochemistry and molecular biology in the post genomic era  |h [electronic resource]. 
260 |a Hauppauge, NY :  |b Nova Science Publishers 
310 |a Quarterly 
362 1 |a Began with: Vol. 1, no. 1 (2011). 
506 |a License restrictions may limit access. 
588 |a Description based on: Vol. 1, no.1 (2011); title from cover. 
588 |a Latest issue consulted: Vol. 1, no.1 (2011). 
650 0 |a Biochemistry  |v Periodicals. 
650 0 |a Molecular biology  |v Periodicals. 
655 0 |a Electronic journals. 
850 |a DLC 
856 4 0 |z Full text available from Research Library: 01/01/2011 to 01/31/2013  |u https://search.proquest.com/publication/2034850